ბათუმის შოთა რუსთაველის სახელმწიფო უნივერსიტეტის ბიბლიოთეკა

Параметрические продолжения в теории однолистных функции (ბიბ.ჩანაწერი № 40452)

000 -LEADER
fixed length control field 00723nam a2200217Ia 4500
001 - CONTROL NUMBER
control field 7061
003 - CONTROL NUMBER IDENTIFIER
control field GE_BSU
008 - FIXED-LENGTH DATA ELEMENTS--GENERAL INFORMATION
fixed length control field 181216s||||||||xx |||||||||||||| ||und||
040 ## - CATALOGING SOURCE
Transcribing agency GE_BSU
080 ## - UNIVERSAL DECIMAL CLASSIFICATION NUMBER
Universal Decimal Classification number 517.53/65
100 ## - MAIN ENTRY--PERSONAL NAME
Personal name Александров,И.А.
245 ## - TITLE STATEMENT
Title Параметрические продолжения в теории однолистных функции
245 ## - TITLE STATEMENT
Statement of responsibility, etc. ред.Кизнер Ф.И. Горячая М.М.
260 ## - PUBLICATION, DISTRIBUTION, ETC.
Place of publication, distribution, etc. Москва
260 ## - PUBLICATION, DISTRIBUTION, ETC.
Name of publisher, distributor, etc. Наука
260 ## - PUBLICATION, DISTRIBUTION, ETC.
Date of publication, distribution, etc. 1976
300 ## - PHYSICAL DESCRIPTION
Extent 341стр.22см.
300 ## - PHYSICAL DESCRIPTION
Accompanying material Библиогр.340-342
653 ## - INDEX TERM--UNCONTROLLED
Uncontrolled term Параметрические продолжения в теории однолистных функции
942 ## - ADDED ENTRY ELEMENTS (KOHA)
Koha item type წიგნი
ეგზემპლარები
Withdrawn status Lost status Damaged status Not for loan Date acquired Barcode Date last seen Price effective from Koha item type
        2018-12-17 46835 2018-12-17 2018-12-17 წიგნი